[Event "Olympiad-41"]
[Site "Tromsoe"]
[Date "2014.08.06"]
[Round "5.1"]
[White "Ivanchuk, Vassily"]
[Black "Kasimdzhanov, Rustam"]
[Result "0-1"]
[WhiteElo "2744"]
[BlackElo "2700"]
[Annotator "Roiz,M"]
[PlyCount "72"]
[EventDate "2014.08.02"]
[EventType "team-swiss"]
[EventRounds "11"]
[EventCountry "NOR"]
[SourceTitle "CBM 162"]
[Source "ChessBase"]
[SourceDate "2014.09.17"]
[SourceVersion "1"]
[SourceVersionDate "2014.09.17"]
[SourceQuality "1"]
[WhiteTeam "Ukraine"]
[BlackTeam "Uzbekistan"]
[WhiteTeamCountry "UKR"]
[BlackTeamCountry "UZB"]

1. Nf3 d5 2. d4 Nf6 3. c4 e6 4. Nc3 Be7 5. Bg5 h6 6. Bh4 O-O 7. e3 Ne4 8. Bxe7
Qxe7 9. Rc1 c6 10. Bd3 (10. h4 $5 {is an aggressive way to fight for the
initiative.}) 10... Nxc3 11. Rxc3 dxc4 12. Bxc4 Nd7 13. O-O b6 14. Qc2 (14. Bd3
c5 15. Qc2 {is just another order of moves.} (15. Be4 Rb8 16. Qc2 Nf6 17. dxc5
Nxe4 18. Qxe4 bxc5 19. Qc2 Bb7 20. Nd2 Rfd8 $11 {0-1 Topalov,V (2805)-Anand,V 
(2787)/Sofia 2010/CBM 136/[Giri,A] (56)})) 14... Bb7 15. Bd3 {The Bb7 may
become very strong, so White should exchange it.} c5 16. Bh7+ Kh8 17. Be4 cxd4
$1 {An important improvement over Ivanchuk's previous game in this line.} (
17... Bxe4 {is less accurate and allows White to fix a small advantage:} 18.
Qxe4 Rac8 (18... Nf6 19. Qc2 Rfc8 20. Rc1 Qb7 21. Rc4 a5 22. Ne5 Kg8 23. dxc5
Rxc5 24. Rxc5 bxc5 25. b3 $14 {1/2-1/2 Topalov,V (2803)-Nakamura,H (2733)/
Khanty-Mansiysk 2010/CBM 139 (53)}) 19. Rfc1 Rc7 20. Qc2 Rfc8 21. h3 Nf6 22.
Rc4 Ne8 23. dxc5 Rxc5 24. Qb3 Rxc4 25. Rxc4 Rxc4 26. Qxc4 Nd6 27. Qc6 Kg8 28.
Ne5 $14 {1/2-1/2 Ivanchuk,V (2766)-Carlsen,M (2835)/Wijk aan Zee 2012/CBM 147/
[Krasenkow,M] (57)}) 18. Nxd4 (18. Bxb7 dxc3 19. Bxa8 Rxa8 20. Qxc3 {doesn't
pose Black serious problems:} Qc5 21. Qxc5 Nxc5 22. Rc1 Kg8 23. Ne5 f6 24. Nc6
a5 $11) 18... Bxe4 19. Qxe4 Nc5 20. Qc2 a5 $1 {Securing the Nc5 looks like a
convincing way to neutralise White's slight pressure.} 21. Rc1 $146 {This
novelty hardly changes the evaluation of this position. Black needs some
accuracy, but the position is equal.} (21. a3 a4 22. Rc4 Rfc8 23. Nb5 Qd7 24.
Nc3 Qd3 25. Qxd3 Nxd3 26. Rxc8+ Rxc8 27. Nxa4 b5 28. Nc3 Rc5 29. Ne4 Re5 30.
Nc3 Rc5 $11 {1/2-1/2 L'Ami,E (2651)-Can,E (2513)/Iasi ROU 2014 (33)}) (21. Nb3
Nxb3 22. Qxb3 Qb7 23. h3 Rac8 24. Rfc1 Rxc3 25. Rxc3 Rd8 $11 {1/2-1/2
Arutinian,D (2553)-Miroshnichenko,E (2624)/Dubai 2012/CBM 148 Extra (30)})
21... Qb7 22. Qe2 {The queen is heading to b5, but it is not a big deal.} (22.
h3 Rfd8 23. a3 e5 24. Nf5 Qd7 $11) (22. a3 a4 23. Rc4 Rfd8 $11) (22. Nb3 Nxb3
23. Qxb3 Rac8 24. h3 Rxc3 25. Qxc3 Rd8 $11) 22... Rfd8 23. h3 Kg8 24. Qb5 Qd7
$11 {The Pb6 isuntouchable in view of 25...Na4, so Black can liqudate into an
equal endgame.} 25. Qxd7 Rxd7 26. Kf1 Kf8 ({There was nothing wrong with a
more active approach:} 26... e5 27. Nb3 Nd3 28. Rd1 Rad8 $11) 27. Ke2 Ke7 {
A slight inaccuracy.} ({It was the right moment for some prophylaxis:} 27...
Rad8 28. R1c2 Rd6 29. a3 (29. Nb3 Nxb3 30. Rxb3 Ke7 $11) 29... e5 (29... a4 30.
Rc4 $14) 30. Nf3 Rd5 31. Nd2 Ke7 32. Rc4 R8d6 $11) 28. R1c2 ({Missing a good
opportunity of getting some pressure in the rook endgame:} 28. Nb3 $1 Rad8 (
28... Nxb3 29. Rxb3 Rb8 (29... Rd6 30. Rc7+ Kf6 31. Rb5 Rad8 32. Kf3 $14) 30.
e4 $14) 29. Nxc5 Rd2+ 30. Kf3 bxc5 31. R1c2 $14 {Still, Black should be able
to hold it with precise play.}) 28... Rd6 29. a3 ({Now} 29. Nb3 {gives nothing:
} Nxb3 30. Rxb3 Rad8 31. a4 Kd7 $11) 29... a4 30. Rc4 {Black's queenside pawns
are somewhat weak now, so Rustam had to be careful.} Ra5 $1 {A nice
prophylactic move. Now Black is ready to meet 31.Rb4 with Na6.} (30... g5 31.
Rb4 Kf6 32. Nb5 Rd7 33. Rcc4 $14) 31. f4 (31. Rb4 Na6 32. Rb5 Rxb5 33. Nxb5 Rd5
34. Nc3 Rc5 35. Kd3 b5 $11) 31... g5 32. g3 Kd7 {I don't like this passive
move - the king is becoming vulnerable there.} ({Black's task would be simpler
after} 32... gxf4 33. gxf4 (33. exf4 h5 34. Nf3 Rb5 $11) 33... Ra8 $1 {
activating the rook} 34. Kf3 Rg8 35. Rg2 Rxg2 36. Kxg2 Nd3 $11) 33. e4 $1 {
Admitting the drawback of Kasmdzhanov's last move.} Nxe4 $6 {Accepting the
challenge is risky.} ({The cool-blooded} 33... f6 $1 {should be enough for
equality:} 34. Kf3 gxf4 35. gxf4 h5 36. Ke3 e5 37. fxe5 fxe5 38. Nf3 Ke6 $11)
34. Nc6 $4 {[%mdl 8192] A dramatic blunder by Vasily.} ({Of course, he had to
take the material:} 34. Rc7+ Ke8 35. Rc8+ Ke7 36. Nc6+ Rxc6 37. R2xc6 Nxg3+ (
37... Rb5 38. R6c7+ Kd6 39. Rxf7 Rxb2+ 40. Kf3 Nc5 41. fxg5 hxg5 42. Kg4 Rb3
43. Rf3 $16) 38. Kf3 {In this unbalanced endgame Whte's chances are better:}
gxf4 39. Rxb6 Rh5 40. Kxf4 Nf5 41. Rc3 Rh4+ 42. Kf3 Rxh3+ 43. Kg2 $14 {[%csl
Ra4]}) 34... Rc5 $1 {I guess, being short on time, Ivanchuk missed this simple
move. Now Black is just a pawn up.} (34... Nxg3+ 35. Kf2 Ne4+ 36. Ke3 Rxc6 37.
Rxc6 Nf6 $132) 35. Ne5+ Ke7 $17 36. fxg5 $4 {Obviously, this move is a result
of psychological shock.} ({It was possible to fight for a draw:} 36. Rxc5 bxc5
(36... Nxc5 37. Nc4 Rc6 38. Ne5 Rc7 39. Ke3 $17) 37. Kf3 f5 $17) 36... Rxe5 {
A painful loss for Vassily.} 0-1

[Event "Olympiad-31"]
[Site "Moscow"]
[Date "1994.12.05"]
[Round "5.1"]
[White "Granda Zuniga, Julio E"]
[Black "Jussupow, Artur"]
[Result "0-1"]
[WhiteElo "2620"]
[BlackElo "2655"]
[Annotator "Shipov,S"]
[PlyCount "58"]
[EventDate "1994.12.01"]
[EventType "team-swiss"]
[EventRounds "14"]
[EventCountry "RUS"]
[SourceTitle "CBM 045"]
[Source "ChessBase"]
[SourceDate "1995.04.01"]
[SourceVersion "1"]
[SourceVersionDate "1995.04.01"]
[SourceQuality "1"]
[WhiteTeam "Peru"]
[BlackTeam "Germany"]
[WhiteTeamCountry "PER"]
[BlackTeamCountry "GER"]

1. d4 Nf6 2. c4 e6 3. Nf3 d5 4. Nc3 Be7 5. Bg5 h6 6. Bh4 O-O 7. e3 Ne4 8. Bxe7
Qxe7 9. Qc2 (9. Rc1 c6 10. Bd3 Nxc3 11. Rxc3 Nd7 12. cxd5 exd5 13. O-O Re8 14.
Qb1 Nf6 (14... a5 $5) 15. b4 Ne4 16. Bxe4 dxe4 17. Nd2 $14 {Nikolic,P-Yusupov,
A/Horgen/1994/}) 9... Nxc3 (9... c6) 10. Qxc3 dxc4 (10... c6) 11. Bxc4 b6 (
11... c5) 12. O-O (12. d5 $5 exd5 13. Bxd5 c6 14. Bc4 (14. Bxc6 $6 Nxc6 15.
Qxc6 Bb7 $36) 14... Bb7 15. Ne5 $1 b5 $6 (15... Qc7 16. Rd1 $16) 16. Bb3 (16.
Ng6 Qd6 17. Nxf8 bxc4 $15) 16... Qc7 17. a4 $1 Nd7 18. Ng6 Rfe8 19. axb5 $16 {
Lobron,E-Yusupov,A/Munich/1993/}) 12... Bb7 13. Rfd1 (13. Be2 c5 (13... Rc8 14.
b4 Nd7 15. Rfd1 (15. Rfc1 $5) 15... Nf6 $1 16. Qb3 Bd5 17. Bc4 Bxf3 $1 18. gxf3
c6 19. Bf1 Nd5 20. a3 a5 $1 21. bxa5 Rxa5 $15 {Lutz,G-Yusupov,A/Munich/1993/})
14. dxc5 Rc8 15. b4 (15. Nd4 $6 Rxc5 16. Qa3 Nc6 17. Nxc6 Bxc6 18. Rfd1 Rc8 19.
Bf1 Bd5 $15 {Karpov,A-Yusupov,A/London(m/4)/1989/}) 15... bxc5 16. b5 (16. Rac1
Nd7 $1 17. bxc5 Rxc5 18. Qa3 Rac8 19. Rfd1 Kf8 $10 {Ftacnik,L-Yusupov,A/GER/
1994/}) 16... a6 17. Nd2 $5 (17. a4 axb5 18. Bxb5 Bxf3 19. gxf3 Nc6 $13) 17...
axb5 18. Bxb5 Bxg2 $5 19. Kxg2 Qb7+ 20. Kh3 Qxb5 21. Rg1 $36 {Huebner,
R-Yusupov,A/Munich/1993/}) 13... Nd7 (13... Bxf3 14. gxf3 Nd7 15. Bb5 $16) 14.
Ne1 $5 {N/} (14. b4 c5 15. bxc5 bxc5 16. d5 exd5 17. Bxd5 Bxd5 18. Rxd5 Rac8
19. Rc1 Qe6 20. Qd2 Nf6 21. Re5 Qb6 $10 {Tal,M-Timoshchenko,G/Tbilisi/1978/})
14... c5 (14... e5 15. d5) 15. Qa3 a6 $1 (15... Rfd8 $6 16. Bb5 $1 $36) 16. Bf1
Qf6 (16... Rfd8 $5 17. Rac1 Kf8 $13) (16... Qg5 $5) 17. Rac1 Rfd8 (17... Rfc8
18. dxc5 Nxc5 19. Qb4 e5 $132) 18. dxc5 Nxc5 $10 19. Rxd8+ $2 (19. Qb4 Rxd1 (
19... e5 $2 20. Rxd8+ Rxd8 21. Rxc5 $1 $18) 20. Rxd1 Rd8 (20... e5 $5) 21.
Rxd8+ Qxd8 $10) 19... Rxd8 20. Qb4 {[#]} (20. b4 Ne4 21. Nf3 Nd2 $1 $40) 20...
a5 $1 (20... e5 21. Rxc5) 21. Qxb6 (21. Qc3 Qxc3 22. bxc3 (22. Rxc3 Rd1 23. Nd3
Ba6 $19) 22... Rd2 $17) 21... Rd2 22. Nf3 (22. f3 Qh4 23. Bb5 (23. Bc4 Qf2+ 24.
Kh1 Rxb2) 23... Rxb2 (23... Qf2+ 24. Kh1 Bxf3 $2 25. Qb8+ $1 Kh7 26. gxf3 $13)
24. Qxc5 Qf2+ 25. Kh1 Bxf3 26. Qc8+ Kh7 27. Bd3+ g6 28. Bxg6+ $5 Kg7 29. Qc3+
Kxg6 30. Qd3+ f5 $19) 22... Bxf3 23. gxf3 (23. Qxc5 Bxg2) 23... Qxf3 24. Qb8+
$8 Kh7 25. Qg3 Qd5 $1 $17 26. Qf4 $6 (26. Bg2 $1 $17) 26... Ne4 $1 27. Bc4 (27.
Bg2 Rd1+ 28. Rxd1 Qxd1+ 29. Bf1 Nd2 $19) (27. f3 Ng5 28. Bg2 Rxg2+ 29. Kxg2
Qd2+ $19) 27... Qa8 28. Qxf7 Nxf2 $19 29. Bxe6 (29. Qxf2 $8 Rxf2 30. Kxf2 Qb8
31. Bd3+ Kg8 $19) 29... Qh1# 0-1